Extranei (Lp 3C 064 18482) (Record n. 101752)

Dettagli MARC
000 -LEADER
fixed length control field 01159njm a2200301Ia 4500
001 - CONTROL NUMBER
control field 20854
003 - CONTROL NUMBER IDENTIFIER
control field IT-RoPAU
005 - DATE AND TIME OF LATEST TRANSACTION
control field 20220918181147.0
008 - FIXED-LENGTH DATA ELEMENTS--GENERAL INFORMATION
fixed length control field 131025s9999 xx 000 0 und d
040 ## - CATALOGING SOURCE
Original cataloging agency IT-RoPAU
040 ## - CATALOGING SOURCE
Transcribing agency IT-RoPAU
041 ## - LANGUAGE CODE
Language code of text/sound track or separate title ITALIANO
999 ## - SYSTEM CONTROL NUMBERS (KOHA)
Koha Dewey Subclass [OBSOLETE] n.d.
100 ## - MAIN ENTRY--PERSONAL NAME
Personal name Lolli Claudio
9 (RLIN) 4031
100 ## - MAIN ENTRY--PERSONAL NAME
Relator term Autore musica
9 (RLIN) 4032
100 ## - MAIN ENTRY--PERSONAL NAME
Miscellaneous information Codice autore musica SPICS: 10989
9 (RLIN) 4033
245 ## - TITLE STATEMENT
Title Extranei (Lp 3C 064 18482)
250 ## - EDITION STATEMENT
Edition statement 1a ed.
260 ## - PUBLICATION, DISTRIBUTION, ETC. (IMPRINT)
Place of publication, distribution, etc. ITALIA
260 ## - PUBLICATION, DISTRIBUTION, ETC. (IMPRINT)
Name of publisher, distributor, etc. EMI ITALIANA
Date of publication, distribution, etc. 1980 [1a Ed.:1980 - Ed. Lingua Orig.: 1980]
300 ## - PHYSICAL DESCRIPTION
Extent DISCO
500 ## - GENERAL NOTE
General note Vita, difficoltà dell'esistenza. Musica e vita, muto isolamento, prigionieri della vita, bianchi e neri, ponte di congiunzione.
505 ## - FORMATTED CONTENTS NOTE
Formatted contents note Come un Dio americano - Double face - I musicisti - Il muto - Der Blaue Engel - La canzone del principe rospo - Non aprire mai - Il ponte
650 ## - SUBJECT ADDED ENTRY--TOPICAL TERM
Topical term or geographic name as entry element CANTAUTORE [DISCHI]
Relator term Codice MATERIA SPICS: 9950
9 (RLIN) 984
700 ## - ADDED ENTRY--PERSONAL NAME
Personal name Lolli Claudio
Relator term Autore testo e musica
Miscellaneous information Codice autore testo/musica SPICS: 10989
9 (RLIN) 4034
700 ## - ADDED ENTRY--PERSONAL NAME
Personal name Lolli Claudio
Miscellaneous information Codice interprete SPICS: 10989
Relator term Interprete
9 (RLIN) 4035
942 ## - ADDED ENTRY ELEMENTS (KOHA)
Koha item type DISCHI
Source of classification or shelving scheme Dewey Decimal Classification
Dati di copia
Withdrawn status Lost status Damaged status Not for loan Home library Current library Date acquired Total Checkouts Full call number Date last seen Price effective from Koha item type Public note
    Buone Condizioni Not For Loan SPICS-MEDIATECA SPICS-MEDIATECA 25/10/2013   20854 25/10/2013 25/10/2013 DISCHI Progr. Ins.: 4157 / N.Vol.: 1 / Copie: 1 - Copia rara: n.d. / date import: 01.01.2014 - By Epidotti, Trombetti, Vaglietti
CREDITS: SOCIETA' SAN PAOLO Via A.Severo, 58 - ROMA (RM) & PERIODICI SAN PAOLO SRL Via Giotto, 36 MILANO & CISF Via Giotto, 36 MILANO & EDIZIONI SAN PAOLO SRL,  Piazza Soncino, 5 CINISELLO BALSAMO (MI) -- ITALY